000 01382nam a22002897a 4500
999 _c387569
_d387569
003 BLK
005 20250724132827.0
008 200910b bu |||||r|||| 00| | bu d
020 _a978-619-199-413-7
020 _a3800083825111
040 _aBLK
041 _aBUL
_cBUL
080 _aИздания за деца и юноши. Книжки-картинки. Читанки. Вж и 372.4
_b087.5
_z087.5
100 _aДойч, Либи
_eпърви автор
_91299
139 _aДойч, Либи
_bД 71
245 _aНеобикновеният път на обикновените неща, които използваме всеки ден
_bот телефоните до храната, от електричеството до тоалетната ... Как точно работи светът?
_cЛиби Дойч ; ил. Валпури Кертура ; прев. Ирина Манушева
260 _9209475
_aСофия
_bФют
_c2019
_fКитай
300 _a48 с.
_bс цв. ил.
_c31 см
380 _a0
500 _aОриг. загл.: The everyday journeys of ordinary things
700 _9599
_aКертула, Валпури
_eил.
700 _aМанушева, Ирина Борисова
_9368041
852 _bЦб
942 _cKNG
_n0
_s1
_039
944 _aCR
_c2020-09-10
_k30552
_lВиолета Тройчева
999 _d387569